|
|
|
|
| LEADER |
00000naa0a2200000 4500 |
| 001 |
660031 |
| 005 |
20251031105637.0 |
| 035 |
|
|
|a (RuTPU)RU\TPU\network\28912
|
| 035 |
|
|
|a RU\TPU\network\24091
|
| 090 |
|
|
|a 660031
|
| 100 |
|
|
|a 20190417d2018 k y0rusy50 ca
|
| 101 |
0 |
|
|a rus
|
| 102 |
|
|
|a RU
|
| 135 |
|
|
|a drcn ---uucaa
|
| 181 |
|
0 |
|a i
|
| 182 |
|
0 |
|a b
|
| 200 |
1 |
|
|a Нейтронно-физические исследования параметров эксплуатации дисперсионного ториевого топлива
|f А. И. Зорькин [и др.]
|
| 203 |
|
|
|a Текст
|c электронный
|
| 300 |
|
|
|a Заглавие с экрана
|
| 320 |
|
|
|a [Библиогр.: 2 назв.]
|
| 333 |
|
|
|a Режим доступа: по договору с организацией-держателем ресурса
|
| 463 |
|
|
|t Актуальные проблемы инновационного развития ядерных технологий
|o материалы конференции в рамках Научная сессия НИЯУ МИФИ, Северск, 2-6 Апреля 2018
|f Сибирский химический комбинат (СХК) ; Национальный исследовательский ядерный университет "МИФИ", Северский технологический институт (СТИ) ; под ред. М. Д. Носкова
|v [С. 44]
|d 2018
|
| 610 |
1 |
|
|a труды учёных ТПУ
|
| 610 |
1 |
|
|a электронный ресурс
|
| 610 |
1 |
|
|a нейтронно-физические исследования
|
| 610 |
1 |
|
|a топливо
|
| 701 |
|
1 |
|a Зорькин
|b А. И.
|g Андрей Игоревич
|
| 701 |
|
1 |
|a Беденко
|b С. В.
|c физик
|c доцент Томского политехнического университета, кандидант физико-математических наук
|f 1980-
|g Сергей Владимирович
|3 (RuTPU)RU\TPU\pers\25456
|9 11395
|
| 701 |
|
1 |
|a Кнышев
|b В. В.
|c физик
|c инженер-исследователь Томского политехнического университета
|f 1993-
|g Владимир Владимирович
|3 (RuTPU)RU\TPU\pers\37039
|9 20054
|
| 701 |
|
1 |
|a Украинец
|b О. А.
|g Олеся Александровна
|
| 701 |
|
1 |
|a Атовуллаев
|b Т.
|g Тимур
|
| 712 |
0 |
2 |
|a Национальный исследовательский Томский политехнический университет
|b Инженерная школа ядерных технологий
|b Отделение ядерно-топливного цикла
|3 (RuTPU)RU\TPU\col\23554
|
| 801 |
|
2 |
|a RU
|b 63413507
|c 20190424
|g RCR
|
| 856 |
4 |
|
|u https://elibrary.ru/item.asp?id=35315917
|
| 942 |
|
|
|c CF
|